000 00370nam a22001457a 4500
999 _c15628
_d15628
003 OSt
008 190522b ||||| |||| 00| 0 eng d
020 _a9789383285686
082 _a664.
_bORA/FU
100 _aOralugbagbe, Gboyega
_94113
245 _aFundamentals of Foods and Nutrition
260 _aNew Delhi
_bAgri Horti Press
_c2018
300 _a237 p.
942 _cBK